Directores/as de cine Argentinos - Estadísticas

Estadísticas generales
  • Esta prueba ha sido intentada 36 veces
    35 desde el último reinicio
  • La puntuación promedio es 7 de 20
Estadísticas de respuestas
Imagen Hint Respuesta % Correcto
El Secreto de sus Ojos/Metegol Juan José Campanella
90%
Relatos Salvajes/Tiempo de Valientes Damián Szifrón
73%
La Cienaga/Zama Lucrecia Martel
67%
Juan Moreira/ Gatica, el mono Leonardo Favio
63%
Carancho/El Clan Pablo Trapero
40%
Claudia/Matrimillas Sebastián De Caro
40%
Esperando la Carroza/Cien Veces no Debo Alejandro Doria
37%
Nueve Reinas/El Aura Fabian Bielinsky
37%
La Cordillera/Argentina,1985 Santiago Mitre
37%
Tiempo de Revancha/Martín (Hache) Adolfo Aristarain
30%
Pizza, Birra, Faso/Historias de Argentina en Vivo Bruno Stagnaro
30%
El Ciudadano Ilustre/4x4 Gastón Duprat
30%
Plata Quemada/ Tango Feroz Marcelo Piñeyro
27%
Pizza, Birra, Faso/Un Oso Rojo Adrián Caetano
23%
Los Sonámbulos/Las Siamesas Paula Hernández
23%
Sueño Florianópolis/Los Marziano Ana Katz
20%
El Santo de la Espada/Martin Fierro Leopoldo Torre Nilsson
20%
El Ciudadano Ilustre/4x4 Mariano Cohn
20%
Cuando Acecha la Maldad/Aterrados Demián Rugna
17%
Elsa & Fred/Corazón de León Marcos Carnevale
10%
No se encontraron pruebas coincidentes
Distribución de puntuación
Porcentaje de gente con cada puntuación
Porcentaje por número respondido
Historial de tus puntuaciones
No has intentado esta prueba desde el último reinicio